000 00551nam a2200217Ia 4500
003 OSt
005 20220924134002.0
006 a|||||r|||| 00| 0
007 ta
008 220923b |||||||| |||| 00| 0 snd d
024 _a271497
037 _cTextual
040 _aARTS
_cARTS
_bsnd
041 _2snd
_asnd
082 _aO111,3xN1, 1593J8
100 _aSiraj Rabbani
_9207796
245 0 _aAfrici mukhtasar afsana
260 _c1958
942 _hO111,3xN1, 1593J8
_cTEXL
_2CC
999 _c435953
_d435953